000 005510000a22001090004500
245 1 0 _aEscrituras para niños en riesgo
300 _aVol.61, núm.280 (Mayo, junio, 2006), Páginas 32-33
500 _aReportaje
520 _aViva Esperanza, un orfanato escondido detrás de paredes de estuco de un azul intenso en Oaxaca, en el sur de México, ofrece la seguridad que la mayoría de los setenta y ocho niños que viven allí nunca conocieron cuando crecían en sus hogares o vivían en las calles.
773 0 _tLa Biblia de las Américas
942 _cANA
999 _c61896
_d61896